Multiple Olympic Gold Medallists - Statistics

General Stats
  • This quiz has been taken 43 times
  • The average score is 6 of 35
Answer Stats
No. Answer Nation Sport Years % Correct
1 Michael Phelps USA Swimming 2004–2012
97%
30 Usain Bolt JAM Athletics 2008–2012
72%
4 Mark Spitz USA Swimming 1968–1972
67%
5 Carl Lewis USA Athletics 1984–1996
61%
7 Bjørn Dæhlie NOR Cross-country skiing 1992–1998
36%
3 Paavo Nurmi FIN Athletics 1920–1928
33%
6 Ole Einar Bjørndalen NOR Biathlon 1998–2014
28%
25 Chris Hoy GBR Cycling 2000–2012
25%
2 Larisa Latynina USSR Gymnastics 1956–1964
25%
19 Marit Bjørgen NOR Cross-country skiing 2002–2014
25%
11 Matt Biondi USA Swimming 1984–1992
14%
7 Birgit Fischer GER Canoeing 1980–2004
11%
9 Jenny Thompson USA Swimming 1992–2004
11%
30 Kristin Otto GER/GDR Swimming 1988
11%
20 Lyubov Yegorova RUS Cross-country skiing 1992–1994
11%
23 Valentina Vezzali ITA Fencing 1996–2012
11%
30 Nedo Nadi ITA Fencing 1912–1920
8%
9 Sawao Kato JAP Gymnastics 1968–1976
8%
15 Věra Čáslavská CZE Gymnastics 1960–1968
8%
22 Akinori Nakayama JAP Gymnastics 1968–1972
6%
17 Aladár Gerevich HUN Fencing 1932–1960
6%
30 Amy Van Dyken USA Swimming 1996–2000
6%
24 Gert Fredriksson SWE Canoeing 1948–1960
6%
12 Ray Ewry USA Athletics 1900–1908
6%
30 Rudolf Kárpáti HUN Fencing 1948–1960
6%
27 Viktor Ahn RUS Short track speed skating 2006–2014
6%
26 Vitaly Scherbo BLR Gymnastics 1992–1996
6%
30 Lidia Skoblikova USSR Speed skating 1960–1964
3%
29 Pál Kovács HUN Fencing 1936–1960
3%
14 Boris Shakhlin USSR Gymnastics 1956–1964
0%
18 Edoardo Mangiarotti ITA Fencing 1936–1960
0%
20 Hubert Van Innis BEL Archery 1900–1920
0%
13 Nikolai Andrianov USSR Gymnastics 1972–1980
0%
27 Reiner Klimke GER Equestrian 1964–1988
0%
16 Viktor Chukarin USSR Gymnastics 1952–1956
0%
No matching quizzes found
Score Distribution
Percent of People with Each Score
Percentile by Number Answered
Your Score History
You have not taken this quiz